Exposición Marítima Nacional de 1887 : convocatoria a los españoles industriales convocatoria a los españoles industriales

Publicado: [S.l.] : Tip. de Díaz y Sánchez , 1886
Descripción Física: 1 díptic ; 21 cm

MARC

LEADER 00000nam a2200000Ia 4500
001 16195
003 BGR
005 20260410113705.0
008 160829s1886 xx 000 0 cat d
080 |a RF-14-18 
111 |a Exposición Marítima Nacional   |9 70875  |c (Cadis :  |d 1887) 
245 |a Exposición Marítima Nacional de 1887 :  |b  convocatoria a los españoles industriales 
260 |a [S.l.] :  |b Tip. de Díaz y Sánchez,  |c 1886 
300 |a 1 díptic ;  |c 21 cm 
590 |a Prové de 1403, exp. 5.  
590 |a El reglament de l'exposició es troba al R. 16178 
611 0 |a Exposición Marítima Nacional   |9 70875  |c (Cadis :  |d 1887) 
856 4 |u https://media.diba.cat/diba/fitxers/arxiu/fulletons/bib_16195_1886_baixa.pdf  |y Accés lliure 
856 4 |u https://media.diba.cat/diba/fitxers/arxiu/fulletons/bib_16195_1886_baixa.pdf  |y Accés lliure 
900 |a bib_16195_1886_baixa.pdf 
901 |a Arxiu 
942 |n 1  |2 udc  |c MON 
952 |0 0  |1 0  |4 0  |6 RF1418  |7 1  |9 53564  |a Arxiu  |b Arxiu  |d 2016-12-01  |l 0  |o RF-14-18  |p 16195  |r 2016-12-01 00:00:00  |w 2016-12-01  |y ARXIU 
999 |c 57430  |d 57430